000 01309nam a2200241Ii 4500
003 JO-AjNU
005 20240626134746.0
008 230605s9999||||xx |||||||||||||| ||und||
040 _aJO-AjNU
_bara
_erda
_cJO-AjNU
041 _aara
050 1 4 _aHG4636.2022
100 _aبعارة، منار محمد علي
_eمعد
_965707
245 0 0 _aاثر العوائد على حقوق الملكية على سعر السهم للشركات الصناعية الاردنية المدرجة في بورصة عمان: معدل التضخم كمتغير معدل = The Effect of Returns on Equity on the Share Price of Jordanian Industrial Companies Listed on the Amman Stock Exchange: Inflation Rate Book Value as an Moderating Variable
_c/ اعداد منار محمد علي بعارة ؛ اشراف مهند محمد العبيني
264 3 1 _a 2022
300 _a91 ورقة
336 _atext
_btxt
_2rdacontent
337 _aunmediated
_bn
_2rdamedia
338 _avolume
_bnc
_2rdacarrier
500 _aرسالة جامعية(اطروحة ماجستير) تخصص المحاسبة /كلية الاعمال، جامعة عجلون الوطنية، 2022
650 4 _aالاسهم-الشركات الصناعية
_963222
700 _aمهند محمد العبيني
_eمشرف
_965708
942 _2lcc
_cTHS
999 _c32233
_d32233